| 000 | 02166cam a2200385 4500 | ||
|---|---|---|---|
| 001 | ABS66399 | ||
| 008 | 030205n2002 000 0 eng u | ||
| 035 | _a(Sirsi) u121251 | ||
| 100 | _aTaylor, D. | ||
| 245 | _aWaste: the dirty definition | ||
| 260 | _c2002 | ||
| 490 |
_aScottish Planning and Environmental Law _v(94) December 2002, 136-139(4) |
||
| 520 | _aPoses the question 'What is waste?' and examines how waste is defined in environmental legislation, government guidance and case law. Stresses that the definition of waste is key to all waste management issues, although its interpretation in UK environmental law is complex and continues to change. Looks at how waste is defined in European and UK legislation with reference to the Directive on Waste 91/156/EEC, the Environmental Protection Act 1990 and the Waste Management Regulations 1994. Outlines the definition of waste in the main government guidance, the DoE Circular 11/94 and the Scottish Office Circular 10/94, and summarises key case law from the ECJ and English courts. Concludes that the definition of waste is not clear and that guidance should be revised to resolve this. Case law. | ||
| 590 | _aABS | ||
| 650 | _aSCOTLAND | ||
| 650 | _aMAYER PARRY RECYCLING LTD V ENVIRONMENT AGENCY | ||
| 650 | _aEC DIRECTIVES | ||
| 650 | _aWASTE | ||
| 650 | _aEUROPEAN COURT OF JUSTICE | ||
| 650 | _aENVIRONMENTAL PROTECTION ACT 1990 | ||
| 650 | _aWASTE MANAGEMENT LICENSING REGULATIONS 1994 | ||
| 650 | _aDEFINITION OF WASTE | ||
| 650 | _aCASTLE CEMENT V ENVIRONMENT AGENCY | ||
| 650 | _aATTORNEY GENERAL'S REFERENCE NO 5 OF 2000 | ||
| 650 | _aDIRECTIVE 91/156/EEC | ||
| 650 | _aDOE CIRCULAR 11/1994 | ||
| 650 | _aSCOTTISH OFFICE CIRCULAR 10/94 | ||
| 650 | _aCRIMINAL PROCEEDINGS AGAINST EURO TEOBESI AND OTHERS | ||
| 650 | _aCRIMINAL PROCEEDINGS AGAINST VESSOSO AND ZANETTI | ||
| 650 | _aINTER ENVIRONMENT WALLONIE ASBL V REGION WALLONE | ||
| 650 | _aMAYER PARRY RECYCLING LTD V ENVIRONMENT AGENCY | ||
| 650 | _aARCO CHEMIE NEDERLAND LTD V MINSTER VAN VOLKSHUISVESTING, RUIMTELIJKE ORDENING EN MILIEUHEBER | ||
| 690 | _aWASTE MANAGEMENT-CASE LAW | ||
| 942 | _n0 | ||
| 999 |
_c72062 _d72062 |
||